000 00836nam a2200229 a 4500
003 CO-ViMGA
005 20241113150642.0
008 141112s2004 ck r 000 u spa d
020 _a95894770308
040 _aCO-ViMGA
_bspa
_cCO-ViMGA
082 0 4 _aFr986.38 676o
110 _aCorpes Orinoquia
245 1 0 _aLa Orinoquia Colombiana
_bVisión Monográfica
250 _aPrimera edición
264 _aColombia
_bEditorial Gente Nueva
_c©1996
300 _a121 páginas
_bilustraciones a color y en blanco y negro, mapas
_c17 cm
500 _aEn : La Orinoquia Colombiana; Fr 986.38 C676o
505 _aGeografía : Geología, morfología, clima, hidrografía, suelo, vegetación, fauna y flora. Historia Poblamiento Anexos
650 1 4 _aORINOQUIA - REGION - COLOMBIA
_921213
700 _aCorpes Orinoquia
942 _2ddc
_cBK
999 _c11486
_d11486